<?xml version="1.0" encoding="UTF-8"?>
<record
    xmlns:xsi="http://www.w3.org/2001/XMLSchema-instance"
    xsi:schemaLocation="http://www.loc.gov/MARC21/slim http://www.loc.gov/standards/marcxml/schema/MARC21slim.xsd"
    xmlns="http://www.loc.gov/MARC21/slim">

  <leader>00481nam a22001697a 4500</leader>
  <controlfield tag="003">OSt</controlfield>
  <controlfield tag="008">220115b           ||||| |||| 00| 0 eng d</controlfield>
  <datafield tag="020" ind1=" " ind2=" ">
    <subfield code="a">978-93-85529-31-3</subfield>
  </datafield>
  <datafield tag="082" ind1=" " ind2=" ">
    <subfield code="a">615.6 JAI</subfield>
  </datafield>
  <datafield tag="100" ind1=" " ind2=" ">
    <subfield code="a">JAIN, N.K.</subfield>
  </datafield>
  <datafield tag="245" ind1=" " ind2=" ">
    <subfield code="a">Introducation to Noval Drug Delivery Systems</subfield>
  </datafield>
  <datafield tag="250" ind1=" " ind2=" ">
    <subfield code="a">3rd Edition</subfield>
  </datafield>
  <datafield tag="260" ind1=" " ind2=" ">
    <subfield code="a">Delhi</subfield>
    <subfield code="b">Vallabh</subfield>
    <subfield code="c">2020</subfield>
  </datafield>
  <datafield tag="300" ind1=" " ind2=" ">
    <subfield code="a">466</subfield>
  </datafield>
  <datafield tag="650" ind1=" " ind2=" ">
    <subfield code="a">Pharmaceutics- Drug Delivery Systems, Pharmaceutical Engineering Regulatory Science</subfield>
  </datafield>
  <datafield tag="942" ind1=" " ind2=" ">
    <subfield code="2">ddc</subfield>
    <subfield code="c">BK</subfield>
  </datafield>
  <datafield tag="999" ind1=" " ind2=" ">
    <subfield code="c">11058</subfield>
    <subfield code="d">11058</subfield>
  </datafield>
  <datafield tag="952" ind1=" " ind2=" ">
    <subfield code="0">0</subfield>
    <subfield code="1">0</subfield>
    <subfield code="2">ddc</subfield>
    <subfield code="4">0</subfield>
    <subfield code="7">0</subfield>
    <subfield code="8">DP</subfield>
    <subfield code="a">PIET</subfield>
    <subfield code="b">PIET</subfield>
    <subfield code="d">2022-01-12</subfield>
    <subfield code="e">Kirthi Parkashan</subfield>
    <subfield code="f">Indian Rup</subfield>
    <subfield code="g">400.00</subfield>
    <subfield code="k">IN3269</subfield>
    <subfield code="l">0</subfield>
    <subfield code="o">615.6 JAI</subfield>
    <subfield code="p">DP950</subfield>
    <subfield code="r">2022-01-15 00:00:00</subfield>
    <subfield code="v">328.00</subfield>
    <subfield code="w">2022-01-11</subfield>
    <subfield code="y">BK</subfield>
  </datafield>
  <datafield tag="952" ind1=" " ind2=" ">
    <subfield code="0">0</subfield>
    <subfield code="1">0</subfield>
    <subfield code="2">ddc</subfield>
    <subfield code="4">0</subfield>
    <subfield code="7">0</subfield>
    <subfield code="8">DP</subfield>
    <subfield code="a">PIET</subfield>
    <subfield code="b">PIET</subfield>
    <subfield code="d">2022-01-12</subfield>
    <subfield code="e">Kirthi Parkashan</subfield>
    <subfield code="f">Indian Rup</subfield>
    <subfield code="g">400.00</subfield>
    <subfield code="k">IN3269</subfield>
    <subfield code="l">0</subfield>
    <subfield code="o">615.6 JAI</subfield>
    <subfield code="p">DP951</subfield>
    <subfield code="r">2022-01-15 00:00:00</subfield>
    <subfield code="v">328.00</subfield>
    <subfield code="w">2022-01-11</subfield>
    <subfield code="y">REF</subfield>
  </datafield>
  <datafield tag="952" ind1=" " ind2=" ">
    <subfield code="0">0</subfield>
    <subfield code="1">0</subfield>
    <subfield code="2">ddc</subfield>
    <subfield code="4">0</subfield>
    <subfield code="7">0</subfield>
    <subfield code="8">DP</subfield>
    <subfield code="a">PIET</subfield>
    <subfield code="b">PIET</subfield>
    <subfield code="d">2022-01-12</subfield>
    <subfield code="e">Kirthi Parkashan</subfield>
    <subfield code="f">Indian Rup</subfield>
    <subfield code="g">400.00</subfield>
    <subfield code="k">IN3269</subfield>
    <subfield code="l">1</subfield>
    <subfield code="o">615.6 JAI</subfield>
    <subfield code="p">DP952</subfield>
    <subfield code="r">2022-07-05 00:00:00</subfield>
    <subfield code="s">2022-06-21</subfield>
    <subfield code="v">328.00</subfield>
    <subfield code="w">2022-01-11</subfield>
    <subfield code="y">BK</subfield>
  </datafield>
  <datafield tag="952" ind1=" " ind2=" ">
    <subfield code="0">0</subfield>
    <subfield code="1">0</subfield>
    <subfield code="2">ddc</subfield>
    <subfield code="4">0</subfield>
    <subfield code="7">0</subfield>
    <subfield code="8">DP</subfield>
    <subfield code="a">PIET</subfield>
    <subfield code="b">PIET</subfield>
    <subfield code="d">2022-01-12</subfield>
    <subfield code="e">Kirthi Parkashan</subfield>
    <subfield code="f">Indian Rup</subfield>
    <subfield code="g">400.00</subfield>
    <subfield code="k">IN3269</subfield>
    <subfield code="l">1</subfield>
    <subfield code="o">615.6 JAI</subfield>
    <subfield code="p">DP953</subfield>
    <subfield code="r">2022-07-13 00:00:00</subfield>
    <subfield code="s">2022-07-04</subfield>
    <subfield code="v">328.00</subfield>
    <subfield code="w">2022-01-11</subfield>
    <subfield code="y">BK</subfield>
  </datafield>
  <datafield tag="952" ind1=" " ind2=" ">
    <subfield code="0">0</subfield>
    <subfield code="1">0</subfield>
    <subfield code="2">ddc</subfield>
    <subfield code="4">0</subfield>
    <subfield code="7">0</subfield>
    <subfield code="8">DP</subfield>
    <subfield code="a">PIET</subfield>
    <subfield code="b">PIET</subfield>
    <subfield code="d">2022-01-12</subfield>
    <subfield code="e">Kirthi Parkashan</subfield>
    <subfield code="f">Indian Rup</subfield>
    <subfield code="g">400.00</subfield>
    <subfield code="k">IN3269</subfield>
    <subfield code="l">0</subfield>
    <subfield code="o">615.6 JAI</subfield>
    <subfield code="p">DP954</subfield>
    <subfield code="r">2022-01-15 00:00:00</subfield>
    <subfield code="v">328.00</subfield>
    <subfield code="w">2022-01-11</subfield>
    <subfield code="y">BK</subfield>
  </datafield>
  <datafield tag="952" ind1=" " ind2=" ">
    <subfield code="0">0</subfield>
    <subfield code="1">0</subfield>
    <subfield code="2">ddc</subfield>
    <subfield code="4">0</subfield>
    <subfield code="7">0</subfield>
    <subfield code="8">DP</subfield>
    <subfield code="a">PIET</subfield>
    <subfield code="b">PIET</subfield>
    <subfield code="d">2022-01-12</subfield>
    <subfield code="e">Kirthi Parkashan</subfield>
    <subfield code="f">Indian Rup</subfield>
    <subfield code="g">400.00</subfield>
    <subfield code="k">IN3269</subfield>
    <subfield code="l">0</subfield>
    <subfield code="o">615.6 JAI</subfield>
    <subfield code="p">DP955</subfield>
    <subfield code="r">2022-01-15 00:00:00</subfield>
    <subfield code="v">328.00</subfield>
    <subfield code="w">2022-01-11</subfield>
    <subfield code="y">BK</subfield>
  </datafield>
  <datafield tag="952" ind1=" " ind2=" ">
    <subfield code="0">0</subfield>
    <subfield code="1">0</subfield>
    <subfield code="2">ddc</subfield>
    <subfield code="4">0</subfield>
    <subfield code="7">0</subfield>
    <subfield code="8">DP</subfield>
    <subfield code="a">PIET</subfield>
    <subfield code="b">PIET</subfield>
    <subfield code="d">2022-01-12</subfield>
    <subfield code="e">Kirthi Parkashan</subfield>
    <subfield code="f">Indian Rup</subfield>
    <subfield code="g">400.00</subfield>
    <subfield code="k">IN3269</subfield>
    <subfield code="l">0</subfield>
    <subfield code="o">615.6 JAI</subfield>
    <subfield code="p">DP956</subfield>
    <subfield code="r">2022-01-15 00:00:00</subfield>
    <subfield code="v">328.00</subfield>
    <subfield code="w">2022-01-11</subfield>
    <subfield code="y">BK</subfield>
  </datafield>
  <datafield tag="952" ind1=" " ind2=" ">
    <subfield code="0">0</subfield>
    <subfield code="1">0</subfield>
    <subfield code="2">ddc</subfield>
    <subfield code="4">0</subfield>
    <subfield code="7">0</subfield>
    <subfield code="8">DP</subfield>
    <subfield code="a">PIET</subfield>
    <subfield code="b">PIET</subfield>
    <subfield code="d">2022-01-12</subfield>
    <subfield code="e">Kirthi Parkashan</subfield>
    <subfield code="f">Indian Rup</subfield>
    <subfield code="g">400.00</subfield>
    <subfield code="k">IN3269</subfield>
    <subfield code="l">1</subfield>
    <subfield code="o">615.6 JAI</subfield>
    <subfield code="p">DP957</subfield>
    <subfield code="r">2023-09-16 00:00:00</subfield>
    <subfield code="s">2022-02-17</subfield>
    <subfield code="v">328.00</subfield>
    <subfield code="w">2022-01-11</subfield>
    <subfield code="y">BK</subfield>
  </datafield>
  <datafield tag="952" ind1=" " ind2=" ">
    <subfield code="0">0</subfield>
    <subfield code="1">0</subfield>
    <subfield code="2">ddc</subfield>
    <subfield code="4">0</subfield>
    <subfield code="7">0</subfield>
    <subfield code="8">DP</subfield>
    <subfield code="a">PIET</subfield>
    <subfield code="b">PIET</subfield>
    <subfield code="d">2022-01-12</subfield>
    <subfield code="e">Kirthi Parkashan</subfield>
    <subfield code="f">Indian Rup</subfield>
    <subfield code="g">400.00</subfield>
    <subfield code="k">IN3269</subfield>
    <subfield code="l">1</subfield>
    <subfield code="o">615.6 JAI</subfield>
    <subfield code="p">DP958</subfield>
    <subfield code="r">2022-06-21 00:00:00</subfield>
    <subfield code="s">2022-06-06</subfield>
    <subfield code="v">328.00</subfield>
    <subfield code="w">2022-01-11</subfield>
    <subfield code="y">BK</subfield>
  </datafield>
  <datafield tag="952" ind1=" " ind2=" ">
    <subfield code="0">0</subfield>
    <subfield code="1">0</subfield>
    <subfield code="2">ddc</subfield>
    <subfield code="4">0</subfield>
    <subfield code="7">0</subfield>
    <subfield code="8">DP</subfield>
    <subfield code="a">PIET</subfield>
    <subfield code="b">PIET</subfield>
    <subfield code="d">2022-01-12</subfield>
    <subfield code="e">Kirthi Parkashan</subfield>
    <subfield code="f">Indian Rup</subfield>
    <subfield code="g">400.00</subfield>
    <subfield code="k">IN3269</subfield>
    <subfield code="l">1</subfield>
    <subfield code="o">615.6 JAI</subfield>
    <subfield code="p">DP959</subfield>
    <subfield code="r">2024-04-01 00:00:00</subfield>
    <subfield code="s">2024-03-21</subfield>
    <subfield code="v">328.00</subfield>
    <subfield code="w">2022-01-11</subfield>
    <subfield code="y">BK</subfield>
  </datafield>
</record>
